000 01841cam a22005055i 4500
999 _c8710
_d8710
001 21218301
003 OSt
005 20191106180400.0
008 190322s2018 ii 000 0 eng d
010 _a 2019345035
020 _a9788184656879
_q(paperback)
020 _a8184656874
025 _aI-E-2019345035 ; 13-90
035 _a(OCoLC)on1090428331
035 _a(OCoLC)1090428331
037 _bLibrary of Congress -- New Delhi Overseas Office
040 _aDKAGE
_beng
_erda
_cDKAGE
_dOCLCO
_dOCLCF
_dDLC
042 _alccopycat
_alcode
043 _aa-ii---
_aa-pk---
050 4 _aJZ5584.I4
_bK35 2018
082 0 4 _a303.660954
_223
100 1 _aKalathil, Joseph,
_eauthor.
245 1 0 _aLetter to an unknown friend :
_bchildren promote peace between India and Pakistan /
_cJoseph Kalathil SJ.
264 1 _aDelhi :
_bIndian Society for Promoting Christian Knowledge ;
_aHyderabad :
_bHenry Martyn Institute,
_c2018.
300 _axxx, 39 pages ;
_c22 cm
336 _atext
_btxt
_2rdacontent
337 _aunmediated
_bn
_2rdamedia
338 _avolume
_bnc
_2rdacarrier
650 0 _aPeace-building
_zIndia.
650 0 _aPeace-building
_zPakistan.
650 0 _aChildren and peace
_zIndia.
650 0 _aChildren and peace
_zPakistan.
650 0 _aMissions
_zIndia.
650 0 _aMissions
_zPakistan.
650 7 _aChildren and peace.
_2fast
_0(OCoLC)fst00855228
650 7 _aMissions.
_2fast
_0(OCoLC)fst01023771
650 7 _aPeace-building.
_2fast
_0(OCoLC)fst01055902
651 7 _aIndia.
_2fast
_0(OCoLC)fst01210276
651 7 _aPakistan.
_2fast
_0(OCoLC)fst01210275
710 2 _aI.S.P.C.K. (Organization),
_epublisher.
710 2 _aHenry Martyn Institute of Islamic Studies,
_epublisher.
906 _a0
_bpar
_ccopycat
_d3
_encip
_f20
_gy-gencatlg
942 _2ddc
_cBK